Honda

সংরক্ষণ করুন:
গ্রন্থ-পঞ্জীর বিবরন
প্রধান লেখক: Bejot, Jeanpierre
বিন্যাস: গ্রন্থ
ভাষা:Undetermined
প্রকাশিত: Paris PAC 1976
বিষয়গুলি:
ট্যাগগুলো: ট্যাগ যুক্ত করুন
কোনো ট্যাগ নেই, প্রথমজন হিসাবে ট্যাগ করুন!
Thư viện lưu trữ: Trung tâm Học liệu Trường Đại học Cần Thơ
LEADER 00425nam a2200181Ia 4500
001 CTU_96652
008 210402s9999 xx 000 0 und d
082 |a 796.7 
082 |b B356 
100 |a Bejot, Jeanpierre 
245 0 |a Honda 
245 0 |c Jeanpierre Bejot 
260 |a Paris 
260 |b PAC 
260 |c 1976 
650 |a Race 
904 |i Hiếu 
980 |a Trung tâm Học liệu Trường Đại học Cần Thơ